Zacarías Martínez Núñez : (Record n. 3637)
[ formato base ]
| 000 -LEADER | |
|---|---|
| fixed length control field | 00856cam a2200241 i 4500 |
| 003 - CONTROL NUMBER IDENTIFIER | |
| control field | IT-RoINE |
| 005 - DATE AND TIME OF LATEST TRANSACTION | |
| control field | 20200930043901.0 |
| 008 - FIXED-LENGTH DATA ELEMENTS--GENERAL INFORMATION | |
| fixed length control field | 100217s2009 sp |r|||| 000 |bspa d |
| 020 ## - INTERNATIONAL STANDARD BOOK NUMBER | |
| International Standard Book Number | 9788495745934 |
| 040 ## - CATALOGING SOURCE | |
| Original cataloging agency | SpMaBN |
| Language of cataloging | spa |
| Transcribing agency | IT-RoINE |
| Description conventions | rdc |
| Modifying agency | IT-RoINE |
| 100 1# - MAIN ENTRY--PERSONAL NAME | |
| Personal name | García Cortés, Carlos |
| 9 (RLIN) | 7500 |
| 245 10 - TITLE STATEMENT | |
| Title | Zacarías Martínez Núñez : |
| Remainder of title | (1864-1933) : agustino, orador, apologista, obispo / |
| Statement of responsibility, etc | Carlos García Cortés. |
| 260 ## - PUBLICATION, DISTRIBUTION, ETC. (IMPRINT) | |
| Place of publication, distribution, etc | Guadarrama (Madrid) : |
| Name of publisher, distributor, etc | Editorial Agustiniana, |
| Date of publication, distribution, etc | 2009. |
| 300 ## - PHYSICAL DESCRIPTION | |
| Extent | 110 p. ; |
| Dimensions | 21 cm. |
| 336 ## - CONTENT TYPE | |
| Source | rdacontent |
| Content type term | text |
| 337 ## - MEDIA TYPE | |
| Source | rdamedia |
| Media type term | unmediated |
| 338 ## - CARRIER TYPE | |
| Source | rdacarrier |
| Carrier type term | volume |
| 490 1# - SERIES STATEMENT | |
| Series statement | Perfiles ; |
| Volume number/sequential designation | 30 |
| 504 ## - BIBLIOGRAPHY, ETC. NOTE | |
| Bibliography, etc | Bibliografía: p. 99-110. |
| 600 14 - SUBJECT ADDED ENTRY--PERSONAL NAME | |
| Personal name | Martínez Núñez, Zacarías, |
| Dates associated with a name | 1864-1933 |
| General subdivision | Biografía |
| 9 (RLIN) | 7501 |
| 830 #0 - SERIES ADDED ENTRY--UNIFORM TITLE | |
| Uniform title | Perfiles (Editorial Revista Agustiniana) ; |
| 9 (RLIN) | 15489 |
| Volume number/sequential designation | 30 |
| 942 ## - ADDED ENTRY ELEMENTS (KOHA) | |
| Item type | Monografías |
| Withdrawn status | Lost status | Damaged status | Not for loan | Home library | Current library | Date acquired | Total Checkouts | Full call number | Barcode | Date last seen | Price effective from | Koha item type |
|---|---|---|---|---|---|---|---|---|---|---|---|---|
| Iglesia Nacional Española en Roma | Iglesia Nacional Española en Roma | 09/05/2014 | BIO 1597 | 4106 | 09/05/2014 | 09/05/2014 | Monografías |